Normale Ansicht MARC-Ansicht ISBD

A se grechi zlye, smertnye... : (Titelsatznr. 14495)

[ MARC ]
MARC-Details
000 -Satzkennung
Kontrollfeld mit fester Länge 00505nam a22001571c 4500
001 - Kontrollnummer
Kontrollfeld a987654750
008 - Feld mit fester Länge zur physischen Beschreibung - Allgemeine Angaben
Kontrollfeld mit fester Länge 991231s1999 gw |||| 000u rus d
041 ## - Sprachcode
Sprachcode des Textes/der Tonspur oder des separaten Titels rus
040 ## - Katalogisierungsquelle
Übertragungsstelle RU-10907106
003 - Kontrollnummer Identifier
Kontrollfeld RU-10907106
245 00 - Titel
Titel A se grechi zlye, smertnye... :
Zusatz zum Titel ljubov, erotika i seksual'naja etika v doindustrial'noj Rossii (X - pervaja polovina XIX v.) ; teksty issledovanija
264 ## - Produktion, Veröffentlichung, Distribution, Herstellung und Urheberrechtsvermerk
Herstellungs-, Veröffentlichungs- Vertriebs-, Erzeugungsort Moskva :
Produzent, Herausgeber, Distributor, Hersteller Ladomir,
Datum der Herstellung, der Veröffentlichung, des Vertriebs oder des Urheberschutzvermerks 1999
300 ## - Physische Beschreibung
Umfang 860 S.
700 1# - Nebeneintragung - Personenname
Personenname Puškareva, Natalja L.
Funktionsbezeichnung HerausgeberIn
942 ## - Zusätzliche Felder (Koha)
Koha-Medientyp Monographien
Exemplare
Ausgeschieden Verloren Klassifikation oder Aufstellungssystematik Beschädigt Nicht entleihbar Heimatbibliothek Aufenthaltsbibliothek Aufstellungsort Erwerbungsdatum Inventarnummer Signatur Barcode Letzte Aktivität Preis gültig von Koha-Medientyp
    Andere/Generische Klassifikation     MWN Osteuropa MWN Osteuropa Magazin - 2 22/03/2021 06-05566 R 10 k Pus E0040150790C089F 23/02/2021 22/03/2021 Monographien